General Knowledge Quiz #193 - Statistics

General Stats
  • This quiz has been taken 69,893 times
  • The average score is 13 of 20
Answer Stats
Question Answer % Correct
What city is the hub of Emirates airline? Dubai
86%
In what city would one find Estadio Azteca? Mexico City
78%
In the Harry Potter universe, what is the name for the people who can't use magic? Muggles
78%
What is the English translation of the Japanese word "manga"? Comics
76%
What country do bánh mì sandwiches come from? Vietnam
75%
What sport was Prince Charles playing when he broke his arm in 1990? Polo
72%
What part of the world does haggis come from? Scotland
72%
In what song would you hear the lyrics "Galileo Figaro Magnifico"? Bohemian Rhapsody
69%
In what country would you find the island of Ithaca? Greece
69%
Whose last words were "France, l'armée, tête d'armée, Joséphine"? Napoleon Bonaparte
66%
What automobile part moves up and down within a cylinder? Piston
64%
What is a six letter word that has three i's and is something that women wear? Bikini
60%
In the sentence "I have less shoes than Thomas" one word is incorrect. What is the correct word that should be used instead? Fewer
57%
Who were the two main stars of the movie "Sleepless in Seattle"? Tom Hanks
53%
In the countries of the Caribbean, what is the most-grown crop by weight? Sugarcane
52%
What was the name of the 1605 plot by Guy Fawkes and others to blow up Parliament? {Gunpowder} Plot
51%
In South America, they are known as gauchos. What are they called in the United States? Cowboys
49%
Who were the two main stars of the movie "Sleepless in Seattle"? Meg Ryan
44%
What was the first name of French painters Cezanne and Gauguin? Paul
42%
What board game, invented in China, is played on a 19x19 grid? Go
39%
No matching quizzes found
Score Distribution
Percent of People with Each Score
Percentile by Number Answered
Your Score History
You have not taken this quiz